Country Compass - Palau - Statistics

General Stats
  • This quiz has been taken 9 times
  • The average score is 5 of 7
Answer Stats
Country % Correct
Australia
100%
China
86%
Indonesia
86%
Japan
86%
South Korea
71%
Vietnam
71%
Papua New Guinea
43%
No matching quizzes found
Score Distribution
Percent of People with Each Score
Percentile by Number Answered
Your Score History
You have not taken this quiz